| 000 | 01055cam a2200325 a 4500 | ||
|---|---|---|---|
| 001 | 3750427 | ||
| 003 | PILC | ||
| 005 | 20151021153608.0 | ||
| 008 | 820427s1983 nyua j 000 0 eng | ||
| 010 | _a 82007700 | ||
| 020 | _a9789831480960 | ||
| 040 |
_aDLC _cDLC _dDLC |
||
| 042 | _alcac | ||
| 050 | 0 | 0 |
_aPZ 8 _b.L778 1983 |
| 082 | 0 | 0 |
_aGS 398.21 _bF27l 2006 |
| 100 | 1 |
_aHyman, Trina Schart. _921172 |
|
| 245 | 1 | 0 |
_aLittle Red Riding Hood / _cby the Brothers Grimm retold and illustrated by Trina Schart Hyman. |
| 250 | _a1st ed. | ||
| 260 |
_aNew York : _bHoliday House, _cc1983. |
||
| 300 |
_a[32] p. : _bcol. ill. ; _c25 cm. |
||
| 520 | _aOn her way to deliver a basket of food to her sick grandmother, Elisabeth encounters a sly wolf. | ||
| 562 | _efor library use only | ||
| 650 | 1 |
_aFairy tales. _93114 |
|
| 650 | 1 |
_aFolklore _zGermany. _921173 |
|
| 730 | 0 |
_aRotkäppchen. _921174 |
|
| 730 | 0 |
_aLittle Red Riding Hood. _lEnglish. _921175 |
|
| 906 |
_a7 _bcbc _corignew _d1 _eocip _f19 _gy-gencatlg |
||
| 942 |
_2lcc _cAB |
||
| 999 |
_c11836 _d11836 |
||